2021 28th International Conference on Nuclear Engineering Volume 2: Nuclear Fuels, Research, and Fuel Cycle; Nuclear Codes and Standards; Thermal-Hydraulics

書誌詳細
フォーマット: 電子媒体 雑誌
言語:English
出版事項: ASME
オンライン・アクセス:Full text available on ASME[2021-2021]
Off-campus access
LEADER 01047cas a2200181 a 4500
001 AALConferenceProceedingsASME000349
008 230101c9999 xx r poo 0 0eng d
020 |a 978-0-7918-8525-3 
040 |a BD-DhAAL  |c BD-DhAAL 
245 0 0 |h [electronic resource]  |a 2021 28th International Conference on Nuclear Engineering Volume 2: Nuclear Fuels, Research, and Fuel Cycle; Nuclear Codes and Standards; Thermal-Hydraulics 
260 |b ASME 
300 |a 1 online resource 
500 |a <strong>Off-Campus Access:</strong> Athens ID and Password Required 
500 |a <strong>On-Campus Access:</strong> No User ID or Password Required 
506 |a Electronic access restricted to authorized BRAC University faculty, staff and students 
538 |a Mode of access: Internet 
856 4 0 |z Full text available on ASME[2021-2021]  |u https://asmedigitalcollection.asme.org/ICONE/ICONE28/volume/85253 
856 4 0 |z Off-campus access  |u https://go.openathens.net/redirector/bracu.ac.bd?url=https%3A%2F%2Fasmedigitalcollection.asme.org%2FICONE%2FICONE28%2Fvolume%2F85253